| 000 | 00543nam a2200181 i 4500 | ||
|---|---|---|---|
| 001 | 28387 | ||
| 003 | ES-MaACL | ||
| 005 | 20251211133002.0 | ||
| 007 | t| | ||
| 008 | 030117s1951 sp a |||| | spa d | ||
| 245 | 0 | 0 |
_aMedicina interna / _cdirección de M. Bañuelos. |
| 260 |
_aMadrid : _bAlhambra, _c1951 ( _fSucs. de Rivadeneyra) |
||
| 300 |
_a2 v. : _bil. ; _c25 cm. |
||
| 650 | 0 | 7 |
_aMedicina interna _2embne _914925 |
| 700 | 1 |
_aBañuelos, Misael, _d1887-1954 _925242 |
|
| 852 |
_aES-MaACL _jD-6632-33 |
||
| 999 |
_c28387 _d28387 |
||